|
|
|
|
| LEADER |
00711nam a22002172a 4500 |
| 001 |
000324383 |
| 003 |
CZ BrMZK |
| 005 |
20210712134820.0 |
| 007 |
ta |
| 008 |
980105s1944 xr f 000 0 cze d |
| 015 |
|
|
|a cnb000764319
|
| 040 |
|
|
|a BOA001
|b cze
|
| 100 |
1 |
|
|a Tyl, Josef Kajetán,
|d 1808-1856
|7 jk01140553
|4 aut
|
| 245 |
1 |
0 |
|a Pražský flamendr :
|b hra ze života měšťanského o 10 obrazech /
|c Josef Kajetán Tyl
|
| 260 |
|
|
|a Praha :
|b A. Neubert,
|c 1944
|
| 300 |
|
|
|a 70 s.
|
| 490 |
1 |
|
|a Nová scéna ;
|v sv. 58
|
| 830 |
|
0 |
|a Nová scéna (A. Neubert)
|0 s
|
| 910 |
|
|
|a BOA001
|b 1-0146.457,58
|
| 990 |
|
|
|a BK
|
| 996 |
7 |
|
|b 2619841084
|c 1-0146.457,58
|l MZK
|r Sklad / do 1 hodiny
|n 19
|w 000324383
|u 000010
|a 1
|e BOA001
|j MZK50
|s A
|